Sluneční hodiny na pevných stanovištích Čechy, Morava, Slezsko a Slovensko

Bibliographic Details
Other Authors: Brož, Miroslav, 1922-1991 (Editor), Nosek, Miloš, 1922-1978 (Editor), Trebichavský, Jan (Editor), Pecinová, Drahomíra, 1972- (Editor)
Format: Book
Language:Czech
English
German
PhysicalDescription:403 s. fotogr., ilustr. (prevažne fareb.), mp., tab. 21 cm 1 CD-ROM
Published: Praha Academia 2004
ISBN:8020012044 (viaz.)
Edition:1. vyd.
Subjects:

MARC

LEADER 00000nam a2200000 a 4500
001 vtls008155136
003 SK-MaSNL
005 20260426014623.0
008 160329s2004 xr oab n 001 0 cze
015 |a SNBZSA2005-00167 
020 |a 8020012044 (viaz.) 
040 |a SNK  |b slo  |c SNK  |e AACR2 
041 0 |a cze  |h eng  |h ger 
044 |a xr 
072 7 |a 681  |x Presná mechanika a prístroje . Hudobné nástroje  |2 konspekt 
080 |a 681.111  |x (437.3)  |x (437.6)  |2 snkbuxs 
245 0 0 |a Sluneční hodiny na pevných stanovištích  |b Čechy, Morava, Slezsko a Slovensko  |c editoři Miroslav Brož ... [et al.] 
250 |a 1. vyd. 
260 |a Praha  |b Academia  |c 2004 
300 |a 403 s.  |b fotogr., ilustr. (prevažne fareb.), mp., tab.  |c 21 cm  |e 1 CD-ROM 
504 |a Bibliogr. Reg. 
546 |a Res. angl., nem. 
650 0 7 |a slnečné hodiny  |2 snkbuxs  |9 51363 
651 7 |a Česko  |2 snkph  |9 16753 
651 7 |a Slovensko  |2 snkph  |9 14231 
655 7 |a katalógy  |2 snkph  |9 60821 
655 7 |a príručky  |2 snkph  |9 74364 
700 1 |a Brož, Miroslav,  |d 1922-1991  |4 edt  |9 38218 
700 1 |a Nosek, Miloš,  |d 1922-1978  |4 edt  |9 120114 
700 1 |a Trebichavský, Jan  |4 edt  |9 521113 
700 1 |a Pecinová, Drahomíra,  |d 1972-  |4 edt  |9 237846 
919 |a 80-200-1204-4 
958 |a ZS 
958 |a NB 
958 |a CZ 
958 |a OND 
999 |c 1163217  |d 1165147 
952 |a SNK  |b SNK  |y PREZ  |7 0  |p 17A0471574  |o snkSC 120258  |i snk2005/9366  |8 2  |g 11.75  |3 Dokument obsahuje príl. - 1 CD-ROM  |0 0  |1 0  |4 0  |d 2005-05-19  |l 0  |r 2025-05-29 00:00:00  |w 2026-02-24 
952 |a SNK  |b SNK  |y PREZ  |7 0  |p 17A0471575  |o snkSC 120258 príl.  |i snk2005/9366  |8 2  |z 1 príl. CD-ROM  |0 0  |1 0  |4 0  |d 2005-06-01  |l 0  |r 2025-05-29 00:00:00  |w 2026-02-24